The Killers Hot Fuss Songs - Statistics

General Stats
  • This quiz has been taken 84 times
  • The average score is 8 of 12
Answer Stats
Answer % Correct
Mr. Brightside
100%
Jenny Was A Friend Of Mine
88%
Somebody Told Me
85%
All These Things That I've Done
75%
Andy, You're A Star
73%
Smile Like You Mean It
71%
On Top
63%
Believe Me Natalie
56%
Midnight Show
55%
Glamorous Indie Rock & Roll
51%
Change Your Mind
44%
Everything Will Be Alright
44%
No matching quizzes found
Score Distribution
Percent of People with Each Score
Percentile by Number Answered
Your Score History
You have not taken this quiz